000
00258nam a2200109Ia 4500
001
588725
005
20250717120836.0
008
250717s9999 xx 000 0 und d
245
0
_a
Z-1 SU KÜPÜ
_c
NURAN TURAN
260
_b
ERDEM YAYINLARI
_c
2020
300
_b
79
999
_c
588725
_d
588725